| 000 | 00542nam a2200157 i 4500 | ||
|---|---|---|---|
| 001 | 58158 | ||
| 003 | ES-MaACL | ||
| 005 | 20230906163735.0 | ||
| 007 | t| | ||
| 008 | 031021m19401941sp ||||1| spa d | ||
| 100 | 1 |
_aDue Rojo, Antonio. _945872 |
|
| 245 | 1 | 0 |
_aDios y la ciencia _b: conferencias dogmático-científicas en el Centro de Cultura religiosa superior / _cpor Antonio Due Rojo. |
| 260 |
_aGranada : _bFacultad Teológica, _c1940-1941 ( _fImp. H. de J. Ventura) |
||
| 300 |
_a232 p. ; _c20 cm. |
||
| 852 |
_aES-MaACL _jF-15425 _bR.19450 |
||
| 999 |
_c58158 _d58158 |
||